| 000 | 00543nam a2200217Ia 4500 | ||
|---|---|---|---|
| 999 |
_c65206 _d65206 |
||
| 003 | 0100 | ||
| 005 | 20170718090048.0 | ||
| 008 | 130303s9999 xx 000 0 und d | ||
| 020 | _a9780300123685 | ||
| 040 | _cARRUPELIB | ||
| 050 | _aB792.G6513 2004 | ||
| 100 |
_aGombrowicz, Witold _933100 |
||
| 245 | 2 | _aA guide to philosophy in six hours and fifteen minutes | |
| 260 |
_bYale University Press _aNew Haven _c2004 |
||
| 300 | _a109p. | ||
| 300 | _b 20cm. | ||
| 650 |
_aPhilosophy, European _919665 |
||
| 650 |
_aPhilosophy, Modern _933101 |
||
| 700 |
_aIvry, Benjamin (tr.) _933102 |
||
| 942 |
_2lcc _04 _cMONOGRAPH |
||